El uno se llama Diego

Saved in:
Bibliographic Details
Main Author: O'Brien, Juan (autor)
Format: Book
Language:Spanish
Published: Santiago Lagos 1989
Subjects:
Tags: Add Tag
No Tags, Be the first to tag this record!

MARC

LEADER 00000nam a2200000 a 4500
001 UCX1889
003 CL-VaPUC
008 901114e19890000CL |||||||||||||||||spa|d
082 0 4 |a Ch863  |b OBR  |2 21 
100 |a O'Brien, Juan  |e autor  |9 317594 
245 1 3 |a El uno se llama Diego 
300 |a 282 p 
942 |c BK 
945 |d 19901114 00:00:00 
260 |a Santiago  |b Lagos  |c 1989 
650 0 |a Novelas chilenas   |9 265425 
583 |a last modification  |c 19901114 00:00:00  |k Rodrigo Vera 
999 |c 223023  |d 223021 
952 |0 0  |1 0  |4 0  |6 CH_863_000000000000000_OBR_1989  |7 0  |8 A  |9 218413  |a BIBEDU  |b BIBEDU  |d 2019-11-15  |i 287251K  |o Ch863 OBR 1989  |p 287251K  |r 2019-11-15  |w 2019-11-15  |y BK  |k LIT